000
00268nam a22001097a 4500
005
20251008141414.0
008
251008b |||||||| |||| 00| 0 eng d
040
_c
PK-LaNCA
082
_a
720.922
_b
MCK
245
_a
Mckim, Mead and white: the masterworks
942
_c
BK
999
_c
66891
_d
66891